<?xml version="1.0" encoding="UTF-8"?><?xml-stylesheet type="text/xsl" href="static/style.xsl"?><OAI-PMH xmlns="http://www.openarchives.org/OAI/2.0/" xmlns:xsi="http://www.w3.org/2001/XMLSchema-instance" xsi:schemaLocation="http://www.openarchives.org/OAI/2.0/ http://www.openarchives.org/OAI/2.0/OAI-PMH.xsd"><responseDate>2026-04-14T07:30:12Z</responseDate><request verb="GetRecord" identifier="oai:www.recercat.cat:20.500.12327/2271" metadataPrefix="marc">https://recercat.cat/oai/request</request><GetRecord><record><header><identifier>oai:recercat.cat:20.500.12327/2271</identifier><datestamp>2025-10-22T11:04:00Z</datestamp><setSpec>com_2072_4428</setSpec><setSpec>com_2072_4427</setSpec><setSpec>col_2072_487898</setSpec></header><metadata><record xmlns="http://www.loc.gov/MARC21/slim" xmlns:dcterms="http://purl.org/dc/terms/" xmlns:xsi="http://www.w3.org/2001/XMLSchema-instance" xmlns:doc="http://www.lyncode.com/xoai" xsi:schemaLocation="http://www.loc.gov/MARC21/slim http://www.loc.gov/standards/marcxml/schema/MARC21slim.xsd">
   <leader>00925njm 22002777a 4500</leader>
   <datafield ind2=" " ind1=" " tag="042">
      <subfield code="a">dc</subfield>
   </datafield>
   <datafield ind2=" " ind1=" " tag="720">
      <subfield code="a">Nabaes Jodar, Diego N.</subfield>
      <subfield code="e">author</subfield>
   </datafield>
   <datafield ind2=" " ind1=" " tag="720">
      <subfield code="a">Pérez-Méndez, Néstor</subfield>
      <subfield code="e">author</subfield>
   </datafield>
   <datafield ind2=" " ind1=" " tag="720">
      <subfield code="a">Botías, Cristina</subfield>
      <subfield code="e">author</subfield>
   </datafield>
   <datafield ind2=" " ind1=" " tag="720">
      <subfield code="a">Garibaldi, Lucas A.</subfield>
      <subfield code="e">author</subfield>
   </datafield>
   <datafield ind2=" " ind1=" " tag="720">
      <subfield code="a">Hunicken, Pablo L.</subfield>
      <subfield code="e">author</subfield>
   </datafield>
   <datafield ind2=" " ind1=" " tag="720">
      <subfield code="a">Velado-Alonso, Elena</subfield>
      <subfield code="e">author</subfield>
   </datafield>
   <datafield ind2=" " ind1=" " tag="720">
      <subfield code="a">Zaragoza-Trello, Carlos</subfield>
      <subfield code="e">author</subfield>
   </datafield>
   <datafield ind2=" " ind1=" " tag="260">
      <subfield code="c">2023-05-17</subfield>
   </datafield>
   <datafield ind2=" " ind1=" " tag="520">
      <subfield code="a">1. Abundant and diverse floral resources are needed for the preservation of pollinator populations and the services they provide to human societies. However, pollinators are negatively affected by several agricultural practices, among which pesticide use and ‘weed’ removal stand out.&#xd;
2. McDougall et al. (2021) published a paper titled ‘Managing orchard groundcover to reduce pollinator foraging post-bloom’, where they propose removing the within-field flowering ground vegetation after the mass flowering period of the crop ends, to reduce pesticide exposure.&#xd;
3. They consider this is a bee conservation strategy, after observing it reduces the abundance and diversity of pollinators within the crop. However, despite assuming this implied a realisation of an expected reduction in pesticide exposure, this was not quantified.&#xd;
4. Here, we give three main arguments against the proposal of the authors, that is, the need for providing accessible, sufficient, safe and seasonally-spread feeding resources to crop pollinators, the potential role of diverse floral resources in their pesticide tolerance, and the urgent need to reduce pesticide use and impact in agriculture.</subfield>
   </datafield>
   <datafield ind1="8" ind2=" " tag="024">
      <subfield code="a">Nabaes Jodar, Diego N., Néstor Pérez-Méndez, Cristina Botías, Lucas A. Garibaldi, Pablo L. Hunicken, Elena Velado-Alonso, Carlos Zaragoza-Tello. 2023. “Removing non-crop flowers within orchards promotes the decline of pollinators, not their conservation: A comment on McDougall et al. (2021)”. Insect Conservation and Diversity. doi: 10.1111/icad.12648</subfield>
   </datafield>
   <datafield ind1="8" ind2=" " tag="024">
      <subfield code="a">1752-458X</subfield>
   </datafield>
   <datafield ind1="8" ind2=" " tag="024">
      <subfield code="a">http://hdl.handle.net/20.500.12327/2271</subfield>
   </datafield>
   <datafield ind1="8" ind2=" " tag="024">
      <subfield code="a">https://doi.org/10.1111/icad.12648</subfield>
   </datafield>
   <datafield ind2="0" ind1="0" tag="245">
      <subfield code="a">Removing non-crop flowers within orchards promotes the decline of pollinators, not their conservation: A comment on McDougall et al. (2021)</subfield>
   </datafield>
</record></metadata></record></GetRecord></OAI-PMH>